000
00266nam a22001217a 4500
008
170426b xxu||||| |||| 00| 0 eng d
041
_a
eng
080
_2
3 ed
_a
54
100
_a
12
101
_a
shm
245
_a
physical chemistry
_c
taylor.h.s
942
_2
udc
_c
BK
999
_c
12186
_d
12186